Obálka Náhled e-knihy:
Epub
Pro půjčování e-knih musíte být přihlášeni.
Jak si půjčit online?

Kavárna ve Vídni. Pohnutá doba /

Úvodní část rodinné ságy ze secesní Vídně, která prožívá zdánlivě bezstarostnou belle époque, krásné časy symbolizující úspěch a blahobyt. Ale i do nich už začíná promlouvat předzvěst tragických událostí...

Uloženo v:
Série:Kavárna ve Vídni, část 1
Hlavní autor: Lacrosse, Marie, 1959- (Autor)
Další autoři: Řežábek, Rudolf, 1944- (Autor)
Médium: E-kniha
Jazyk:Czech
Vydáno: Praha : Ikar, 2022
Vydání:Vydání první
Témata:
On-line přístup:Plný text - pro registrované uživatele NK ČR
Příbuzné jednotky:Z cyklu:: Kavárna ve Vídni
Tagy:
Žádné tagy
LEADER 02771nam a2200457 i 4500
001 311798
003 CZ PrSKC
005 20260601215712.0
007 ta
008 221108s2022 xr g 000 f cze
015 |a cnb003427357 
020 |a 9788024948607  |q (vázáno) 
035 |a (OCoLC)1354195893 
040 |a ABG001  |b cze  |e rda 
041 1 |a cze  |h ger 
072 7 |a 821.112.2-3  |x Německá próza, německy psaná  |2 Konspekt 
080 |a 821.112.2-31  |2 MRF 
080 |a (0:82-31)  |2 MRF 
100 1 |a Lacrosse, Marie,  |d 1959-  |7 xx0251796  |4 aut 
240 1 0 |a Bewegte Jahre.  |l Česky 
245 1 0 |a Kavárna ve Vídni.  |p Pohnutá doba /  |c Marie Lacrosse ; z německého originálu Das Kaffeehaus - Bewegte Jahre ... přeložil Rudolf Řežábek 
246 3 0 |a Pohnutá doba 
250 |a Vydání první 
264 1 |a Praha :  |b Ikar,  |c 2022 
300 |a 557 stran ;  |c 24 cm 
336 |a text  |b txt  |2 rdacontent 
337 |a bez média  |b n  |2 rdamedia 
338 |a svazek  |b nc  |2 rdacarrier 
520 2 |a Úvodní část rodinné ságy ze secesní Vídně, která prožívá zdánlivě bezstarostnou belle époque, krásné časy symbolizující úspěch a blahobyt. Ale i do nich už začíná promlouvat předzvěst tragických událostí...  |b Vídeň, konec 19. století. Mladá Žofie z Werdenfelsu často utíká z pochmurné atmosféry rodičovského domu do nádherné kavárny svého měšťanského strýce. Tady pozná Richarda von Löwenstein, osobního přítele korunního prince Rudolfa. Oba mladí lidé se do sebe zamilují. Žofiina nejlepší přítelkyně Mary Vetserová zase horuje pro ženatého korunního prince. Bez ohledu na všechna Žofiina varování Mary dokonce přistoupí na milostný vztah s Rudolfem. Nikdo však netuší, že právě tohle otřese císařstvím v samotných základech. Nakladatelská anotace. 
655 7 |a německé romány  |7 fd132945  |2 czenas 
655 9 |a German fiction  |2 eczenas 
700 1 |a Řežábek, Rudolf,  |d 1944-  |7 ola2003198081  |4 trl 
765 1 |t Kaffeehaus 
787 0 8 |i Z cyklu:  |t Kavárna ve Vídni  |g 1 
856 4 1 |u https://www.bookport.cz/AccountSaml/SignIn/?idp=https%3A%2F%2Fshibboleth.nkp.cz%2Fidp%2Fshibboleth&returnUrl=/kniha/pohnuta-doba-13765/  |y Plný text - pro registrované uživatele NK ČR  |4 N 
900 |a ABA001  |b 21 
928 9 |a Euromedia Group - Ikar 
044 |a xr 
910 |a RBIT002 
998 |d 366150  |a https://core.palmknihy.cz/api/books/366150/cover?rnvdl8  |b https://core.palmknihy.cz/api/books/366150/cover/400?rnvdl8  |c https://core.palmknihy.cz/api/books/366150/cover/50?rnvdl8  |e 2026-09-03  |g 560  |i 9788024948607  |j https://core.palmknihy.cz/api/books/366150/preview.epub  |l   |q 49  |r 1  |s https://www.palmknihy.cz/kniha/366150  |t ebook  |y 2022  |z 0  |v Kavárna ve Vídni  |w 1 
999 |d 311796